LEADER 01265nam a2200253 4500 001 000000345952 003 CaOOAMICUS 005 20210517110030.0 008 210512s2015 vc a 000 u mul r 020 $a978-88-209-9454-9 040 $aSeMil$bita 130 0 $aBibbia.$0(OLS)http://semarc/title/402691 245 03$aLa Sacra Bibbia :$btesto bilingue latino-italiano /$ca cura di Fortunato Frezza. 264 1$aCittą del Vaticano :$bLibreria Editrice Vaticana,$c2015. 300 $aLVI,4417 p., 1. c. di tav. :$bill. ;$c22 cm 500 $aSul front.: Nova Vulgata Bibliorum Sacrorum auctoritate Ioannis Pauli 2. promulgata Editio typica altera 1998. La Sacra Bibbia Conferenza Episcopale Italiana Terza edizione 2008 700 1 $aFrezza, Fortunato,$d<1942- >.$0(OLS)http://semarc/name/16003 850 $aSeMil 852 $aSeMil$W1$xVenegono$y1$m2VA IV 1$j264170$B236993$CSeMilBibl$Z2$F236993 $81 961 $aMagni don Walter - Omaggio 996 $6020$a978-88-209-9454-9$9(OLS)http://semarc/number/293180 996 $6245$aLa Sacra Bibbia :$btesto bilingue latino-italiano$9(OLS)http://semarc/title/435126 996 $6264$aCittą del Vaticano :$bLibreria Editrice Vaticana$9(OLS)http://semarc/publisher/29734 LEADER 00762nam a2200169 i 4500 001 000000216821 003 CaOOAMICUS 005 20121112000000.0 008 121112s1837 xx u000 u lat u 013 $a195717 040 $aSeMil$bita 245 10$aTomus 2. qui continet librum 1. decretalium Gregorii 9. 300 $aXX, 398 p. 773 0 $aDevoti, Giovanni <1744-1820>$tJoannis Devoti dei et apostolicae sedis gratia ... Jus canonicum universum publicum et privatum.$bNova romana editio accuratior.$dRomae : apud Joannem Ferretium, 1837.$g2$w()27644 850 $aSeMil 852 $aSeMil$W1$xVenegono$y1$m2G IV 54 FA$j167237$B167237$CSeMilBibl$Z2$F178010 $8I 996 $6245$aTomus 2. qui continet librum 1. decretalium Gregorii 9$9(OLS)http://semarc/title/311672